[Event "St Petersburg White Nights op"]
[Site "St Petersburg"]
[Date "2006.06.27"]
[Round "5"]
[White "Toporov, Victor"]
[Black "Smirnov, Vladimir G"]
[Result "1/2-1/2"]
[WhiteElo "2112"]
[BlackElo "1766"]
[PlyCount "64"]
[EventDate "2006.06.23"]
[EventType "swiss"]
[EventRounds "9"]
[EventCountry "RUS"]
[SourceTitle "CBM 112 Extra"]
[Source "ChessBase"]
[SourceDate "2006.07.14"]
[SourceVersion "1"]
[SourceVersionDate "2006.07.14"]
[SourceQuality "1"]

1. e4 c5 2. Nf3 e6 3. d3 Nc6 4. g3 d5 5. Nbd2 Nf6 6. Bg2 Be7 7. 0-0 dxe4 8. dxe4 0-0 9. Re1 e5 10. c3 h6 11. Qc2 Be6 12. Bf1 Qc7 13. a4 a6 14. h3 Rab8 15. Nc4 b5 16. axb5 axb5 17. Ne3 Rfd8 18. Nh4 c4 19. Nhf5 Bf8 20. Ng4 Nd7 21. h4 Nc5 22. Be3 b4 23. Bg2 bxc3 24. bxc3 Nd3 25. Reb1 Rxb1+ 26. Rxb1 Rb8 27. Rxb8 Qxb8 28. Qe2 Qb1+ 29. Kh2 Qe1 30. Qf3 h5 31. Nf6+ gxf6 32. Qxh5 Nxf2 1/2-1/2

[Event "St Petersburg White Nights op"]
[Site "St Petersburg"]
[Date "2006.06.26"]
[Round "4"]
[White "Abramov, Valentin"]
[Black "Toporov, Victor"]
[Result "1/2-1/2"]
[WhiteElo "2333"]
[BlackElo "2112"]
[PlyCount "43"]
[EventDate "2006.06.23"]
[EventType "swiss"]
[EventRounds "9"]
[EventCountry "RUS"]
[SourceTitle "CBM 112 Extra"]
[Source "ChessBase"]
[SourceDate "2006.07.14"]
[SourceVersion "1"]
[SourceVersionDate "2006.07.14"]
[SourceQuality "1"]

1. d4 g6 2. c4 Nf6 3. Nc3 Bg7 4. e4 d6 5. Nf3 0-0 6. Be2 e5 7. 0-0 Nc6 8. Be3 Re8 9. d5 Nd4 10. Nxd4 exd4 11. Bxd4 Nxe4 12. Bxg7 Kxg7 13. Nxe4 Rxe4 14. Bd3 Re8 15. Qc2 Qf6 16. f4 b6 17. f5 g5 18. Kh1 Bd7 19. Rae1 Rxe1 20. Rxe1 Re8 21. Rxe8 Bxe8 22. Qe2 1/2-1/2

[Event "St Petersburg White Nights op"]
[Site "St Petersburg"]
[Date "2006.06.24"]
[Round "2"]
[White "Vunder, Andrei"]
[Black "Toporov, Victor"]
[Result "1/2-1/2"]
[WhiteElo "2293"]
[BlackElo "2112"]
[PlyCount "69"]
[EventDate "2006.06.23"]
[EventType "swiss"]
[EventRounds "9"]
[EventCountry "RUS"]
[SourceTitle "CBM 112 Extra"]
[Source "ChessBase"]
[SourceDate "2006.07.14"]
[SourceVersion "1"]
[SourceVersionDate "2006.07.14"]
[SourceQuality "1"]

1. d4 Nf6 2. c4 g6 3. Nc3 Bg7 4. Bg5 d6 5. e3 h6 6. Bh4 Bd7 7. Be2 c5 8. Nf3 g5 9. Bg3 Nh5 10. dxc5 Nxg3 11. hxg3 dxc5 12. Qc2 Qa5 13. Nd2 Nc6 14. Nb3 Bxc3+ 15. bxc3 Qa3 16. Rb1 b6 17. 0-0 0-0-0 18. Rfd1 Kc7 19. Bf3 f6 20. Qe4 Qa4 21. Nxc5 bxc5 22. Rb5 Be8 23. Rdb1 Qa6 24. Rxc5 e5 25. Qf5 Rd6 26. Rd5 Bd7 27. Qg6 Rxd5 28. cxd5 Nd8 29. Qg7 Re8 30. Bh5 Kc8 31. Bxe8 Bxe8 32. Qe7 Qxa2 33. Qc5+ Bc6 34. Rb5 Qe2 35. dxc6 1/2-1/2

[Event "St Petersburg White Nights op"]
[Site "St Petersburg"]
[Date "2004.??.??"]
[Round "3"]
[White "Toporov, Victor"]
[Black "Sergeev, Veniamin"]
[Result "0-1"]
[WhiteElo "2144"]
[BlackElo "2417"]
[PlyCount "90"]
[EventDate "2004.06.??"]
[EventType "swiss"]
[EventRounds "9"]
[EventCountry "RUS"]
[SourceTitle "CBM 100 Extra"]
[Source "ChessBase"]
[SourceDate "2004.07.06"]
[SourceVersion "2"]
[SourceVersionDate "2004.07.06"]
[SourceQuality "1"]

1. d4 Nf6 2. c4 c5 3. d5 b5 4. Nd2 bxc4 5. e4 g6 6. Nxc4 d6 7. Bd3 Bg7 8. Bg5 0-0 9. Nf3 e6 10. 0-0 exd5 11. exd5 Bb7 12. Be2 Na6 13. a3 Nc7 14. Ne3 h6 15. Bh4 Qd7 16. Bc4 Ne4 17. Qc2 Rae8 18. Rad1 f5 19. Rfe1 Kh8 20. Nf1 g5 21. Bg3 Nf6 22. Rxe8 Rxe8 23. h4 g4 24. Ne1 Bxd5 25. Bd3 Be4 26. f3 gxf3 27. gxf3 Bxd3 28. Nxd3 Nfd5 29. Qd2 Bd4+ 30. Kh2 Kh7 31. Re1 Ne6 32. Qc2 Ng7 33. Rxe8 Nxe8 34. Nf4 Nef6 35. Ne2 Qe6 36. Qd3 Bxb2 37. Qb5 Bxa3 38. Kg2 Nh5 39. Kf2 Kg6 40. Bh2 Bb4 41. Qd3 a5 42. Nfg3 Nhf4 43. h5+ Kf6 44. Nxf4 Nxf4 45. Qc2 Qe1# 0-1

[Event "Chigorin Memorial-B 10th"]
[Site "St Petersburg"]
[Date "2002.11.03"]
[Round "9"]
[White "Dergatchov, Alexander"]
[Black "Toporov, Victor"]
[Result "1-0"]
[WhiteElo "2083"]
[BlackElo "2158"]
[PlyCount "69"]
[EventDate "2002.10.25"]
[EventType "swiss"]
[EventRounds "9"]
[EventCountry "RUS"]
[SourceTitle "EXT 2003"]
[Source "ChessBase"]
[SourceDate "2002.11.25"]
[SourceVersion "1"]
[SourceVersionDate "2002.11.25"]
[SourceQuality "1"]

1. e4 c5 2. Nc3 e6 3. g3 d5 4. Bg2 d4 5. Nce2 e5 6. d3 Nc6 7. f4 Bd6 8. Nf3 Nf6 9. h3 0-0 10. 0-0 c4 11. fxe5 Nxe5 12. Nxe5 Bxe5 13. dxc4 Be6 14. Qd3 Rc8 15. b3 Nd7 16. Ba3 b6 17. Bxf8 Nxf8 18. Rad1 Qc7 19. g4 Nd7 20. Nxd4 Nc5 21. Qe3 Bd7 22. Nf5 Bc6 23. Qg5 f6 24. Qe3 Re8 25. g5 Nxe4 26. gxf6 Bxf6 27. Rde1 g6 28. Nh6+ Kg7 29. Ng4 Ng5 30. Qf2 Rf8 31. Nxf6 Bxg2 32. Nh5+ Kh6 33. Qxf8+ Kxh5 34. Kxg2 Qc6+ 35. Rf3 1-0

[Event "Chigorin Memorial-B 10th"]
[Site "St Petersburg"]
[Date "2002.10.27"]
[Round "3"]
[White "Slizhevsky, Alexander"]
[Black "Toporov, Victor"]
[Result "1-0"]
[WhiteElo "2323"]
[BlackElo "2158"]
[PlyCount "77"]
[EventDate "2002.10.25"]
[EventType "swiss"]
[EventRounds "9"]
[EventCountry "RUS"]
[SourceTitle "EXT 2003"]
[Source "ChessBase"]
[SourceDate "2002.11.25"]
[SourceVersion "1"]
[SourceVersionDate "2002.11.25"]
[SourceQuality "1"]

1. e4 e6 2. d4 d5 3. Nc3 Bb4 4. e5 Ne7 5. a3 Bxc3+ 6. bxc3 c5 7. Qg4 Nf5 8. Bd3 h5 9. Qf4 Qa5 10. Bd2 Qa4 11. Nf3 c4 12. Bxf5 exf5 13. Qg5 Rh7 14. 0-0 Be6 15. Rfb1 b6 16. Ra2 Qd7 17. a4 Nc6 18. Bc1 Na5 19. Qh4 Rh8 20. Kh1 Qc6 21. Qg3 Rg8 22. Qg5 Kd7 23. Ba3 Rae8 24. Bb4 Nb7 25. a5 bxa5 26. Bxa5 Nxa5 27. Rxa5 a6 28. Rc5 Rb8 29. Rxb8 Rxb8 30. Rxc6 Rb1+ 31. Ng1 Kxc6 32. Qd8 Kb7 33. f4 Rb5 34. h4 a5 35. Kh2 a4 36. Ne2 Rb2 37. Qe7+ Kc8 38. Qc5+ Kd8 39. Qa5+ 1-0

[Event "Petrov Memorial op"]
[Site "St Petersburg"]
[Date "2002.02.15"]
[Round "4"]
[White "Timofeev, Andrei"]
[Black "Toporov, Victor"]
[Result "1-0"]
[WhiteElo "2320"]
[BlackElo "2177"]
[PlyCount "113"]
[EventDate "2002.02.12"]
[EventType "swiss"]
[EventRounds "9"]
[EventCountry "RUS"]
[SourceTitle "CBM 086 Extra"]
[Source "ChessBase"]
[SourceDate "2002.03.14"]
[SourceVersion "1"]
[SourceVersionDate "2002.03.14"]
[SourceQuality "1"]

1. c4 e5 2. Nc3 Nc6 3. Nf3 d6 4. g3 g6 5. Bg2 Bg7 6. d3 Nh6 7. Rb1 0-0 8. b4 f5 9. Bg5 Qd7 10. Nd5 Rf7 11. Qc1 Ng4 12. 0-0 Nd8 13. h3 Nf6 14. Nxf6+ Bxf6 15. Bd2 Qe7 16. Ne1 Ne6 17. b5 f4 18. Nc2 Ng5 19. g4 f3 20. exf3 Ne6 21. Re1 Bg5 22. Bxg5 Qxg5 23. Qxg5 Nxg5 24. Re3 Bd7 25. d4 exd4 26. Nxd4 Rf4 27. Rd1 a5 28. Kh2 Raf8 29. Kg3 R4f6 30. Re7 R8f7 31. Rxf7 Nxf7 32. f4 Nd8 33. Re1 c6 34. bxc6 bxc6 35. Re7 Rf7 36. Re3 Kf8 37. Ra3 c5 38. Nb5 Ne6 39. Bd5 Rf6 40. g5 Nxf4 41. gxf6 Nxd5 42. Nxd6 Nxf6 43. f3 Ke7 44. Nb7 Nh5+ 45. Kh2 Nf4 46. Re3+ Kf6 47. Nxc5 Bxh3 48. Re4 g5 49. Rxf4+ gxf4 50. Kxh3 Ke5 51. Nd3+ Kd4 52. c5 Kxd3 53. c6 Ke3 54. Kg2 h5 55. c7 h4 56. c8Q h3+ 57. Qxh3 1-0

[Event "St Petersburg White Nights op"]
[Site "St Petersburg"]
[Date "2001.06.16"]
[Round "8"]
[White "Melnikov, Dmitry"]
[Black "Toporov, Victor"]
[Result "1-0"]
[WhiteElo "2283"]
[BlackElo "2205"]
[PlyCount "137"]
[EventDate "2001.06.09"]
[EventType "swiss"]
[EventRounds "9"]
[EventCountry "RUS"]
[SourceTitle "CBM 082 Extra"]
[Source "ChessBase"]
[SourceDate "2001.07.03"]
[SourceVersion "1"]
[SourceVersionDate "2001.07.03"]
[SourceQuality "1"]

1. e4 c5 2. Nf3 Nc6 3. d4 cxd4 4. Nxd4 Nf6 5. Nc3 d6 6. f3 e5 7. Nb3 a5 8. Bb5 Be7 9. Be3 0-0 10. Qd2 Be6 11. Rd1 Qb8 12. 0-0 Rc8 13. Na4 Nd7 14. Kh1 b6 15. Nc3 Nc5 16. Bxc6 Rxc6 17. Nxc5 bxc5 18. Nd5 Bf8 19. c4 a4 20. Qc2 Ra7 21. Rf2 Rca6 22. Bc1 Rb7 23. Qd3 Raa7 24. Rc2 Qc8 25. g4 f6 26. Rg1 Rf7 27. h4 Qa8 28. h5 g6 29. hxg6 hxg6 30. Rh2 Rh7 31. Rgg2 Raf7 32. Be3 Be7 33. Rd2 Rxh2+ 34. Rxh2 Rh7 35. Rxh7 Kxh7 36. Qd2 Kg7 37. Qh2 Bf8 38. Qh6+ Kf7 39. Qh7+ Bg7 40. Bh6 Qh8 41. Qxh8 Bxh8 42. Nb6 f5 43. g5 fxe4 44. fxe4 Bg4 45. Kg2 Bd1 46. a3 Bc2 47. Kf3 Ke8 48. Ke3 Kd8 49. Bf8 Kc7 50. Nd5+ Kd7 51. Ne7 Ke8 52. Nxg6 Kf7 53. Nxh8+ Kxf8 54. Ng6+ Kf7 55. Nh4 Bb3 56. Nf5 Kg6 57. Nxd6 Kxg5 58. Kd3 Kf4 59. Nb7 Ba2 60. Nxc5 Bb1+ 61. Kd2 Bxe4 62. Nxa4 Bc6 63. Nc3 Kf3 64. b4 e4 65. Nd1 Kf4 66. b5 Be8 67. Ne3 Ke5 68. Kc3 Kf4 69. Kd4 1-0

[Event "St Petersburg White Nights op"]
[Site "St Petersburg"]
[Date "2001.06.15"]
[Round "7"]
[White "Toporov, Victor"]
[Black "Bratchenko, Alexander"]
[Result "0-1"]
[WhiteElo "2205"]
[BlackElo "2383"]
[PlyCount "120"]
[EventDate "2001.06.09"]
[EventType "swiss"]
[EventRounds "9"]
[EventCountry "RUS"]
[SourceTitle "CBM 082 Extra"]
[Source "ChessBase"]
[SourceDate "2001.07.03"]
[SourceVersion "1"]
[SourceVersionDate "2001.07.03"]
[SourceQuality "1"]

1. c4 g6 2. Nc3 Bg7 3. d4 Nf6 4. e4 d6 5. f4 0-0 6. Nf3 c5 7. d5 e6 8. dxe6 fxe6 9. Bd3 Nc6 10. 0-0 e5 11. f5 Nd4 12. Ng5 h6 13. fxg6 hxg5 14. Bxg5 Ne6 15. Bxf6 Rxf6 16. Qh5 Nf4 17. Qh7+ Kf8 18. Nd5 Be6 19. Nxf6 Qxf6 20. g3 Ke7 21. gxf4 Rh8 22. Qxh8 Bxh8 23. f5 Bd7 24. Rf3 Qh4 25. Rg3 Bg7 26. Rf1 Kf6 27. Rff3 Bc6 28. Re3 Bh6 29. Re2 Kg7 30. Rgg2 Bf4 31. Kf1 a5 32. Bc2 a4 33. Ref2 b5 34. cxb5 Bxb5+ 35. Ke1 Bg5 36. Kd1 Qh5+ 37. Ke1 Bh4 38. f6+ Bxf6 39. Rxf6 Kxf6 40. g7 Bc4 41. g8Q Bxg8 42. Rxg8 Qf7 43. Rg2 Qxa2 44. Bd1 Qc4 45. Re2 Qb4+ 46. Kf2 Qd4+ 47. Ke1 c4 48. Bxa4 c3 49. bxc3 Qxa4 50. Kd2 Kg5 51. Kd3 Qd1+ 52. Ke3 Kg4 53. Rg2+ Kh3 54. Rd2 Qe1+ 55. Kd3 Kg4 56. Re2 Qd1+ 57. Ke3 Qc1+ 58. Kd3 Kf3 59. Rd2 Qb1+ 60. Rc2 d5 0-1

[Event "St Petersburg White Nights op"]
[Site "St Petersburg"]
[Date "2001.06.11"]
[Round "3"]
[White "Toporov, Victor"]
[Black "Pronin, Valery"]
[Result "0-1"]
[WhiteElo "2205"]
[BlackElo "2096"]
[PlyCount "86"]
[EventDate "2001.06.09"]
[EventType "swiss"]
[EventRounds "9"]
[EventCountry "RUS"]
[SourceTitle "CBM 082 Extra"]
[Source "ChessBase"]
[SourceDate "2001.07.03"]
[SourceVersion "1"]
[SourceVersionDate "2001.07.03"]
[SourceQuality "1"]

1. d4 b6 2. e4 Bb7 3. Nc3 e6 4. a3 d5 5. Bb5+ c6 6. Bd3 dxe4 7. Bxe4 Nf6 8. Bf3 Be7 9. Nge2 0-0 10. 0-0 Nbd7 11. h3 Nd5 12. Ne4 b5 13. b3 Ba6 14. Bb2 f5 15. Nd2 N7b6 16. Rc1 Bg5 17. Re1 Be3 18. Ng3 Bf4 19. Ngf1 b4 20. axb4 Bxf1 21. Kxf1 Qg5 22. Re2 Qh6 23. Ra1 g5 24. c4 Nxb4 25. Ba3 a5 26. Bxb4 axb4 27. Rxa8 Rxa8 28. Bxc6 Rd8 29. d5 exd5 30. cxd5 g4 31. Re6 Qh5 32. Nf3 gxf3 33. Qxf3 Qg5 34. g3 Bd6 35. h4 Qg4 36. Qe3 Qd1+ 37. Kg2 f4 38. Qxb6 Rb8 39. Qa6 fxg3 40. fxg3 Bxg3 41. Qc4 Rf8 42. Re2 Qf1+ 43. Kxg3 Rf3+ 0-1

[Event "St Petersburg White Nights op"]
[Site "St Petersburg"]
[Date "2001.06.10"]
[Round "2"]
[White "Stjazhkina, Olga"]
[Black "Toporov, Victor"]
[Result "1-0"]
[WhiteElo "2346"]
[BlackElo "2205"]
[PlyCount "91"]
[EventDate "2001.06.09"]
[EventType "swiss"]
[EventRounds "9"]
[EventCountry "RUS"]
[SourceTitle "CBM 082 Extra"]
[Source "ChessBase"]
[SourceDate "2001.07.03"]
[SourceVersion "1"]
[SourceVersionDate "2001.07.03"]
[SourceQuality "1"]

1. e4 c5 2. Nc3 e6 3. Nge2 Nc6 4. g3 d5 5. d3 d4 6. Nb1 e5 7. Bg2 h5 8. h3 Bd6 9. 0-0 h4 10. g4 g5 11. c3 Be6 12. Na3 Be7 13. Nc2 Qd7 14. b4 b6 15. a4 Nh6 16. Ba3 0-0 17. b5 Na5 18. cxd4 cxd4 19. Nb4 Rfc8 20. Nd5 Bd8 21. Nc1 Kg7 22. Qd2 f6 23. Rb1 Nf7 24. Qb4 Bc7 25. Qe1 Bd6 26. Bxd6 Nxd6 27. f4 exf4 28. Qf2 Nf7 29. Qxd4 Ne5 30. Qb2 Bxg4 31. hxg4 Qxg4 32. d4 Nec4 33. Qb4 Rf8 34. Rf3 Rae8 35. Nd3 Qd7 36. Re1 f5 37. N3xf4 gxf4 38. Rxf4 fxe4 39. Rxf8 Rxf8 40. Rxe4 Qf5 41. Rf4 Qxf4 42. Nxf4 Rxf4 43. Qe7+ Rf7 44. Qg5+ Kf8 45. Qd8+ Kg7 46. Bd5 1-0

[Event "Petrov Memorial op"]
[Site "St Petersburg"]
[Date "2000.02.15"]
[Round "8"]
[White "Sinkevich, Petr"]
[Black "Toporov, Victor"]
[Result "1/2-1/2"]
[WhiteElo "2293"]
[BlackElo "2216"]
[PlyCount "103"]
[EventDate "2000.02.05"]
[EventType "swiss"]
[EventRounds "9"]
[EventCountry "RUS"]
[SourceTitle "CBM 076"]
[Source "ChessBase"]
[SourceDate "2000.05.31"]
[SourceVersion "1"]
[SourceVersionDate "2000.05.31"]
[SourceQuality "1"]

1. e4 c5 2. Nf3 d6 3. c3 Nf6 4. Bd3 Nc6 5. Bc2 Bg4 6. d3 e5 7. Nbd2 Be7 8. h3 Be6 9. Ng5 Bd7 10. Nf1 h6 11. Nf3 Be6 12. Ne3 Qd7 13. d4 cxd4 14. cxd4 exd4 15. Nxd4 Nxd4 16. Qxd4 0-0 17. 0-0 Bd8 18. Rd1 Bc7 19. Qd3 Rac8 20. Nd5 Bxd5 21. exd5 Bb6 22. Bf4 Rfe8 23. Re1 Bc5 24. Kf1 b5 25. a4 Rxe1+ 26. Kxe1 Bb4+ 27. Kf1 Rc5 28. axb5 Rxd5 29. Qc4 Bc5 30. Rd1 Rxd1+ 31. Bxd1 Bb6 32. Qc6 d5 33. Bc2 Qe7 34. Bd6 Qe6 35. Qa8+ Ne8 36. g4 g6 37. Bf4 g5 38. Bf5 Qe7 39. Bd6 Qxd6 40. Qxe8+ Kg7 41. Kg2 Qf4 42. Qe2 h5 43. Bd7 h4 44. Bc6 Bc7 45. Qf3 d4 46. Bd5 Be5 47. Bc4 Kf8 48. Qxf4 Bxf4 49. Kf3 Bc1 50. b3 Ke7 51. Ke4 Bb2 52. f4 1/2-1/2

[Event "Petrov Memorial op"]
[Site "St Petersburg"]
[Date "2000.02.09"]
[Round "3"]
[White "Shliahtin, IE."]
[Black "Toporov, Victor"]
[Result "0-1"]
[WhiteElo "2314"]
[BlackElo "2216"]
[PlyCount "78"]
[EventDate "2000.02.05"]
[EventType "swiss"]
[EventRounds "9"]
[EventCountry "RUS"]
[SourceTitle "CBM 076"]
[Source "ChessBase"]
[SourceDate "2000.05.31"]
[SourceVersion "1"]
[SourceVersionDate "2000.05.31"]
[SourceQuality "1"]

1. e4 c5 2. Nc3 e6 3. f4 d5 4. Bb5+ Bd7 5. Qe2 d4 6. Nd1 Nc6 7. Nf3 Bd6 8. Bxc6 Bxc6 9. d3 Ne7 10. 0-0 0-0 11. Nf2 f6 12. b4 b6 13. Rb1 Qd7 14. Bd2 Rae8 15. g3 f5 16. bxc5 bxc5 17. c3 dxc3 18. Bxc3 Ng6 19. Ne5 Bxe5 20. fxe5 f4 21. Nh3 fxg3 22. hxg3 Bb5 23. Rxf8+ Rxf8 24. Rd1 Qf7 25. Kg2 h6 26. Qe3 c4 27. d4 Bc6 28. Bb4 Rb8 29. Bc3 Qb7 30. Nf2 Rf8 31. Rd2 Ne7 32. d5 exd5 33. e6 Nf5 34. Qc5 dxe4 35. Rb2 e3+ 36. Kh2 Qc8 37. e7 Re8 38. Ng4 Rxe7 39. Qxc4+ Qe6 0-1

[Event "Chigorin Memorial 07th"]
[Site "St Petersburg"]
[Date "1999.11.06"]
[Round "5"]
[White "Nikanorov, Andrej"]
[Black "Toporov, Victor"]
[Result "1/2-1/2"]
[WhiteElo "2340"]
[BlackElo "2270"]
[PlyCount "142"]
[EventDate "1999.11.02"]
[EventType "swiss"]
[EventRounds "9"]
[EventCountry "RUS"]
[SourceTitle "CBM 074"]
[Source "ChessBase"]
[SourceDate "2000.02.01"]
[SourceVersion "1"]
[SourceVersionDate "2000.02.01"]
[SourceQuality "1"]

1. e4 g6 2. d4 Bg7 3. Nf3 d6 4. Bc4 Nf6 5. Qe2 0-0 6. 0-0 Bg4 7. h3 Bxf3 8. Qxf3 Nc6 9. c3 e5 10. d5 Nb8 11. Be3 Nbd7 12. Nd2 h6 13. g4 Nh7 14. Qg3 Qe7 15. Bd3 Kh8 16. f3 Rg8 17. Bf2 Raf8 18. Rfe1 f5 19. Kf1 fxg4 20. hxg4 Bf6 21. Ke2 Bg5 22. Rh1 Rf7 23. Be3 Bxe3 24. Kxe3 Qg5+ 25. Ke2 Nhf6 26. Qh4 Qxh4 27. Rxh4 Kg7 28. Rg1 g5 29. Rh2 Nf8 30. Nc4 Ng6 31. Ne3 Nf4+ 32. Kd2 Kg6 33. Nf5 Rh8 34. Bc4 Rfh7 35. Rgh1 a6 36. Ke3 h5 37. gxh5+ N6xh5 38. b4 b5 39. Bb3 a5 40. bxa5 Ra8 41. Rd2 Rxa5 42. Rdh2 Ra8 43. c4 bxc4 44. Bxc4 Ra3+ 45. Bb3 Rf7 46. Rc2 Nxd5+ 47. exd5 Rxf5 48. Rxc7 Nf6 49. Ke2 e4 50. fxe4 Nxe4 51. Rhh7 Re5 52. Kd1 Kf5 53. Rcf7+ Kg4 54. Kc1 Kg3 55. Rh1 Kg2 56. Re1 Nc5 57. Rxe5 Nd3+ 58. Kc2 Nxe5 59. Rf6 Ra6 60. Kc3 g4 61. a4 g3 62. Bc2 Kg1 63. Kb4 Rb6+ 64. Kc3 g2 65. Be4 Kh2 66. Rf2 Kg3 67. Rxg2+ Kf4 68. Re2 Nd7 69. Bd3 Nc5 70. Bb5 Rb8 71. Kd4 Nxa4 1/2-1/2

[Event "Chigorin Memorial 07th"]
[Site "St Petersburg"]
[Date "1999.11.03"]
[Round "2"]
[White "Biriukov, Oleg V"]
[Black "Toporov, Victor"]
[Result "1-0"]
[WhiteElo "2378"]
[BlackElo "2270"]
[PlyCount "127"]
[EventDate "1999.11.02"]
[EventType "swiss"]
[EventRounds "9"]
[EventCountry "RUS"]
[SourceTitle "CBM 074"]
[Source "ChessBase"]
[SourceDate "2000.02.01"]
[SourceVersion "1"]
[SourceVersionDate "2000.02.01"]
[SourceQuality "1"]

1. d4 e6 2. c4 b6 3. e4 Bb7 4. Bd3 f5 5. exf5 Bb4+ 6. Kf1 Nf6 7. c5 bxc5 8. a3 c4 9. Bxc4 Be7 10. fxe6 d5 11. Be2 0-0 12. Be3 Qc8 13. Nh3 Qxe6 14. Nf4 Qf7 15. Nd3 Nbd7 16. Nd2 Bd6 17. Kg1 Rae8 18. b4 Ne4 19. Nxe4 Rxe4 20. Bf3 Re6 21. Nc5 Bxc5 22. bxc5 Rf6 23. h3 g6 24. Kh2 h5 25. Re1 Kh7 26. Qb1 Rxf3 27. gxf3 Bc8 28. Rg1 Nf6 29. Rg5 c6 30. Qc2 Rg8 31. h4 Qd7 32. Rg3 Qc7 33. Qd2 Bf5 34. Bf4 Qf7 35. Re1 Ne8 36. Qe3 Be6 37. Qxe6 Qxf4 38. Qe7+ Ng7 39. Qg5 Qxg5 40. hxg5 Nf5 41. Rgg1 Rg7 42. Rd1 Rf7 43. Rd3 Nh4 44. Kg3 Nf5+ 45. Kh3 Re7 46. Rb1 Ng7 47. Re3 Rf7 48. Rb8 Rc7 49. Reb3 Ne6 50. R3b7 Nxg5+ 51. Kg2 Rxb7 52. Rxb7+ Kh6 53. Rxa7 h4 54. Re7 h3+ 55. Kg3 h2 56. Kxh2 Nxf3+ 57. Kg2 Nxd4 58. Rc7 Kg5 59. a4 Nb3 60. Rxc6 Kf4 61. Rc8 Ke5 62. f4+ Kd4 63. c6 Kc5 64. c7 1-0

[Event "St Petersburg White Nights op"]
[Site "St Petersburg"]
[Date "1999.??.??"]
[Round "3"]
[White "Toporov, Victor"]
[Black "Ballo, Emanuel"]
[Result "1/2-1/2"]
[WhiteElo "2334"]
[BlackElo "2189"]
[PlyCount "122"]
[EventDate "1999.06.??"]
[EventType "swiss"]
[EventRounds "9"]
[EventCountry "RUS"]
[SourceTitle "EXT 2000"]
[Source "ChessBase"]
[SourceDate "1999.11.16"]
[SourceVersion "1"]
[SourceVersionDate "1999.11.16"]
[SourceQuality "1"]

1. e4 c5 2. d3 Nc6 3. f4 g6 4. Nf3 Bg7 5. g3 e6 6. Bg2 Nge7 7. 0-0 0-0 8. c3 d6 9. Qe1 b6 10. Nh4 f5 11. g4 fxg4 12. Qg3 g5 13. fxg5 Rxf1+ 14. Bxf1 e5 15. Be2 Qd7 16. Be3 Qe6 17. Na3 Bd7 18. Nb5 Rc8 19. a4 a6 20. Na3 Rb8 21. Rf1 Rf8 22. Rxf8+ Bxf8 23. Nc4 b5 24. axb5 axb5 25. Nb6 Be8 26. Bxg4 Qa2 27. Qf2 Qb1+ 28. Kg2 Nd8 29. Qe2 c4 30. dxc4 Qxe4+ 31. Kh3 bxc4 32. Bf3 Qd3 33. Nxc4 Bd7+ 34. Kg2 Qxe2+ 35. Bxe2 Nd5 36. Bc1 Ne6 37. Bf3 Ndf4+ 38. Kg3 Bb5 39. b3 Nd3 40. Bd5 Nxc1 41. Bxe6+ Kg7 42. Nf5+ Kg6 43. Ncxd6 Ne2+ 44. Kg4 Bxd6 45. Nxd6 Nxc3 46. Nxb5 Nxb5 47. h4 h5+ 48. gxh6 Nd4 49. Bf5+ Nxf5 50. h7 Nh6+ 51. Kf3 Kxh7 52. Ke4 Nf7 53. b4 Kg6 54. b5 Kf6 55. b6 Nd6+ 56. Kd5 Nb7 57. h5 Kg5 58. Kxe5 Kxh5 59. Kd5 Kg6 60. Kc6 Na5+ 61. Kc7 Kf6 1/2-1/2

[Event "St Petersburg White Nights op"]
[Site "St Petersburg"]
[Date "1999.??.??"]
[Round "5"]
[White "Toporov, Victor"]
[Black "Kryschilovskij, Andrej"]
[Result "0-1"]
[WhiteElo "2334"]
[BlackElo "2391"]
[PlyCount "92"]
[EventDate "1999.06.??"]
[EventType "swiss"]
[EventRounds "9"]
[EventCountry "RUS"]
[SourceTitle "EXT 2000"]
[Source "ChessBase"]
[SourceDate "1999.11.16"]
[SourceVersion "1"]
[SourceVersionDate "1999.11.16"]
[SourceQuality "1"]

1. e4 c5 2. Nf3 Nc6 3. d4 cxd4 4. Nxd4 Nf6 5. Nc3 e5 6. Ndb5 d6 7. a4 Be6 8. Bg5 a6 9. Na3 Be7 10. Nc4 Nd4 11. Bxf6 Bxf6 12. Nd5 Bxd5 13. exd5 Nf5 14. Qd3 Ne7 15. Qa3 Nc8 16. Qb3 Rb8 17. Bd3 0-0 18. Be4 Bg5 19. h4 Bf4 20. g3 Bh6 21. g4 Bf4 22. Qd3 g6 23. h5 Kg7 24. h6+ Kh8 25. Ne3 Nb6 26. Ke2 Nd7 27. b4 Rc8 28. a5 Qg5 29. Rag1 Rc7 30. Nc4 Qe7 31. Rh3 Rfc8 32. Na3 Qg5 33. Rf3 f5 34. gxf5 Qxg1 35. fxg6 hxg6 36. c4 Nf6 37. c5 Nxe4 38. Qxe4 Qg5 39. Nc4 dxc5 40. d6 Rc6 41. d7 Rd8 42. b5 axb5 43. a6 Qf5 44. Rxf4 Qxf4 45. Qxe5+ Qxe5+ 46. Nxe5 Re6 0-1